Directions to the Tenant Services Authority (Record no. 109862)
[ view plain ]
| 000 -LEADER | |
|---|---|
| fixed length control field | 01552cad a22002655a 4500 |
| 001 - CONTROL NUMBER | |
| control field | E148060 |
| 008 - FIXED-LENGTH DATA ELEMENTS--GENERAL INFORMATION | |
| fixed length control field | 090720s2009 xxk f f000 0 eng d |
| 020 ## - INTERNATIONAL STANDARD BOOK NUMBER | |
| International Standard Book Number | 9781409814436 |
| 035 ## - SYSTEM CONTROL NUMBER | |
| System control number | (Sirsi) u148060 |
| 041 0# - LANGUAGE CODE | |
| Language code of text/sound track or separate title | eng |
| 050 04 - LIBRARY OF CONGRESS CALL NUMBER | |
| Classification number | 306.1 $2 18 |
| 110 2# - MAIN ENTRY--CORPORATE NAME | |
| Corporate name or jurisdiction name as entry element | United Kingdom |
| Subordinate unit | Department for Communities and Local Government |
| 9 (RLIN) | 4939 |
| 245 00 - TITLE STATEMENT | |
| Title | Directions to the Tenant Services Authority |
| Remainder of title | consultation paper |
| Medium | [electronic resource] |
| 260 ## - PUBLICATION, DISTRIBUTION, ETC. | |
| Place of publication, distribution, etc. | London |
| Name of publisher, distributor, etc. | DCLG |
| Date of publication, distribution, etc. | 2009 |
| 505 2# - FORMATTED CONTENTS NOTE | |
| Formatted contents note | Foreword -- Scope of the consultation -- Basic information -- The consultation criteria -- Background -- Context -- Policy background -- Legal structure -- Coverage of the directions -- Timetable -- The proposed directions -- General principles -- Direction on rent levels -- Direction on quality of accommodation -- Direction on tenant involvement |
| 520 ## - SUMMARY, ETC. | |
| Summary, etc. | Seeks views on the draft directions proposed to be given by the Secretary of State for Communities and Local Government to the social housing regulator under the Housing and Regeneration Act 2008 S197. The final directions will be published in October 2009. |
| 520 ## - SUMMARY, ETC. | |
| Summary, etc. | Deadline for comments is 9 October 2009. |
| 521 ## - TARGET AUDIENCE NOTE | |
| Target audience note | Advanced |
| 590 ## - LOCAL NOTE (RLIN) | |
| Local note | KA NTK |
| 650 24 - SUBJECT ADDED ENTRY--TOPICAL TERM | |
| Topical term or geographic name entry element | HOUSING AND REGENERATION ACT 2008 S197 |
| 651 #4 - SUBJECT ADDED ENTRY--GEOGRAPHIC NAME | |
| Geographic name | Great Britain |
| Chronological subdivision | 1707- |
| 690 ## - LOCAL SUBJECT ADDED ENTRY--TOPICAL TERM (OCLC, RLIN) | |
| Topical term or geographic name as entry element | PROPERTY-RESIDENTIAL PROPERTY-DOMESTIC RESIDENTIAL PROPERTY-HOUSING |
| 856 40 - ELECTRONIC LOCATION AND ACCESS | |
| Uniform Resource Identifier | <a href="https://www.communities.gov.uk/publications/housing/tsadirections">https://www.communities.gov.uk/publications/housing/tsadirections</a> |
| Public note | View the consultation free of charge at www.communities.gov.uk... |
| 942 ## - ADDED ENTRY ELEMENTS (KOHA) | |
| Suppress in OPAC | 0 |
| Withdrawn status | Lost status | Source of classification or shelving scheme | Damaged status | Not for loan | Home library | Current library | Shelving location | Date acquired | Total Checkouts | Full call number | Barcode | Date last seen | Copy number | Price effective from | Koha item type |
|---|---|---|---|---|---|---|---|---|---|---|---|---|---|---|---|
| Dewey Decimal Classification | Virtual | Virtual | Online | 20/07/2009 | ONLINE PUBLICATION | 148060-2001 | 06/08/2019 | 1 | 06/08/2019 | Book |